000 00343nam a2200133Ia 4500
008 220204s9999 xx 000 0 und d
082 _a62(083)
_bBOL
245 0 _aCRC Handbook of tables for applied engineering science
250 _aEd.2
260 _aFlorida
_bCRC
_c1976
700 _aBolz, Ray E
700 _aTuve, George L
942 _cBK
999 _c34555
_d34555